Ils ont joué pour... L'AS Monaco (Mort subite) - Statistiques

Statistiques générales
  • Ce quiz a été pris 177 fois
  • Le résultat moyen est 8 sur 12
Answers on the Grid
Answers color-coded by a green-red scale on the quiz's grid according to % correct below.
Delio Onnis
Lionel Messi
Zinedine Zidane
Kylian Mbappé
Lucas Hernandez
Emmanuel Petit
Hristo Stoitchkov
David Trezeguet
Dmitri Rybolovlev
Neymar
David Beckham
Enzo Scifo
Didier Deschamps
Claudio Ranieri
Ludovic Giuly
Francesco Totti
Radamel Falcao
Stéphane Ruffier
Didier Drogba
Danijel Subašić
Samuel Eto'o
Benjamin Pavard
Cristiano Ronaldo
Blaise Matuidi
Thomas Lemar
Olivier Giroud
Layvin Kurzawa
Florian Thauvin
Bernardo Silva
Hugo Lloris
 
Statistiques - réponses
Réponse % Correct
Radamel Falcao
81%
Kylian Mbappé
79%
Thomas Lemar
78%
Bernardo Silva
77%
Danijel Subašić
75%
Ludovic Giuly
73%
Layvin Kurzawa
70%
David Trezeguet
69%
Emmanuel Petit
63%
Stéphane Ruffier
57%
Delio Onnis
54%
Enzo Scifo
43%
Aucun quiz correspondant
Distribution des résultats
% des personnes avec chaque résultat
Percentile par nombre de réponses
Votre historique - résultats
Vous n’avez pas pris ce quiz